01477nam a2200349 a 4500008004100000020001500041041000800056092001700064100002600081245004800107250002200155260005500177300001800232500011800250590004800368653008200416653002200498653004000520653006700560653002100627653003200648653002200680653002200702653003200724653002800756653004400784653004400828700002900872942001200901999001500913952019900928100302s1997||||ck l. f | 001 0 spa d a9687157305 aspa c611l47sLAT1 aLatarjet, Michel9102 aAnatomía Humana. bT.1 /cMichel Latarjet a2a ed. 4a reimp.  aColombia:bEditorial Médica Panamericana;c1994. a1-962 p.bil. aLatarjet, M. y Ruiz Liard, A. (1994) Anatomía humana. T.1 (2a ed.). Colombia : Editorial Médica Panamericana. aDonacion Dra. Zitta, Maria Eugenia dic/2017 aGeneralidades concernientes al esqueleto, las articulaciones y los músculos aColumna vertebral aEsqueleto del cráneo y de la cara aArticulaciones de la cabeza con el raquis. Musculos del cuello aSistema nervioso aSistema nervioso periferico aNervios craneanos aNervios espinales aSistema nervioso vegetativo aOrganos de los sentidos aEsqueleto apendicular. Miembro superior aEsqueleto apendicular. Miembro inferior10aRuiz Liard, Alfredo9103 2ddccBK c2612d2612 00102ddc40708NFICaBFMbBFMcCRd2017-12-21eDonacionl5o611 47 LATp4117r2020-03-11s2020-03-10tEj. 25w2017-12-21yBKzDonación Zitta, Maria Eugenia. Diciembre 2017. Hemeroteca 2022f